Motivation and performance of employees: A case study of field offices of public health engineering department, Patna (Bihar) (Record no. 527666)

000 -LEADER
fixed length control field 01547nam a22001577a 4500
008 - FIXED-LENGTH DATA ELEMENTS--GENERAL INFORMATION
fixed length control field 240913b ||||| |||| 00| 0 eng d
100 ## - MAIN ENTRY--PERSONAL NAME
Personal name Kumar, G.M. et al
245 ## - TITLE STATEMENT
Title Motivation and performance of employees: A case study of field offices of public health engineering department, Patna (Bihar)
260 ## - PUBLICATION, DISTRIBUTION, ETC. (IMPRINT)
Place of publication, distribution, etc Bihar Journal of Public Administration
300 ## - PHYSICAL DESCRIPTION
Extent 21(1), Jan-Jun, 2024: p.229-240
520 ## - SUMMARY, ETC.
Summary, etc Effective service delivery has been the crux of good governance and employees’ motivation plays important role in it. With this assumption in mind, it becomes imperative to mark the impact of employees’ motivation on their performance, especially at the point of public interface. In the present era of public management, the human resource management acquires significance. Public Health Engineering Department (PHED) has been at the crucial juncture in providing appropriate public health infrastructure. As such, the present study intends to mark the level and impact of motivational factor on the performance of the staff of PHED field offices, located in Patna. A survey of fifty employees working in field offices of PHED was conducted for the purpose. The survey results depict that motivation among employees facilitate better performance. – Reproduced

http://www.iipabiharbranch.org/upload/BJPA_Vol.%20XXI%20No.%201%20Jan-June.%202024.pdf
650 ## - SUBJECT ADDED ENTRY--TOPICAL TERM
Topical term or geographic name as entry element Motivation, Employees, Performance, PHED, Patna.
9 (RLIN) 47634
773 ## - HOST ITEM ENTRY
Main entry heading Bihar Journal of Public Administration
906 ## - LOCAL DATA ELEMENT F, LDF (RLIN)
Subject DIP MOTIVATION
942 ## - ADDED ENTRY ELEMENTS (KOHA)
Item type Articles
Holdings
Withdrawn status Lost status Source of classification or shelving scheme Damaged status Not for loan Permanent location Current location Date acquired Serial Enumeration / chronology Barcode Date last seen Koha item type
          Indian Institute of Public Administration Indian Institute of Public Administration 2024-09-13 21(1), Jan-Jun, 2024: p.229-240 AR133102 2024-09-13 Articles

Powered by Koha